Statistics for Country Chain Quiz #2

Click here to take the quiz!

General Stats

  • This quiz has been taken 81 times
  • The average score is 15 of 22

Answer Stats

Starting LetterCountry% Correct
IIsrael
92%
IIsrael
92%
LLuxembourg
82%
YYemen
82%
UUruguay
80%
NNetherlands
75%
IIran
72%
LLaos
72%
DDenmark
70%
DDjibouti
70%
SSenegal
67%
NNauru
65%
OOman
65%
KKiribati
63%
UUnited States / United Arab Emirates
63%
SSingapore/Suriname/SaoTome
60%
SSwitzerland/Swaziland
60%
EEgypt
58%
TThailand
55%
GGuinea-Bissau
52%
NNew Zealand
52%
DDR Congo
37%

Score Distribution

Percentile by Number Answered

Percent of People with Each Score

Your Score History

You have not taken this quiz